[Event "10. University wch masculino"]
[Site "Novokuznetsk RUS"]
[Date "2008.03.06"]
[Round "4.15"]
[White "Akhanov, Dauren"]
[Black "Kojima, Shinya"]
[Result "1-0"]
[WhiteElo "2135"]
[BlackElo "2205"]
[PlyCount "58"]
[EventDate "2008.03.03"]
[EventType "swiss"]
[EventRounds "9"]
[EventCountry "RUS"]
[Source "lmi"]
[SourceDate "2008.03.03"]

1. e4 c5 2. Nf3 Nc6 3. Bb5 Nf6 4. d3 Qc7 5. Bxc6 Qxc6 6. O-O e6 7. e5 Nd5 8. c4
Ne7 9. Nc3 Nf5 10. Ne4 b6 11. b4 Bb7 12. b5 Qc7 13. Qe2 Be7 14. a4 a5 15. Bb2
O-O 16. Rad1 Rad8 17. Rfe1 Rfe8 18. Qd2 d5 19. exd6 Nxd6 20. Qf4 Qc8 21. Ng3
Bf8 22. Nh5 Nf5 23. Be5 Rd7 24. Nh4 Nxh4 25. Qxh4 Qd8 26. Nf6+ gxf6 27. Bxf6
Bg7 28. Bxd8 Rexd8 29. Re3 Bf8 1-0

[Event "10. University wch masculino"]
[Site "Novokuznetsk RUS"]
[Date "2008.03.07"]
[Round "5.1"]
[White "Bocharov, Dmitry"]
[Black "Gundavaa, Bayarsaihan"]
[Result "1-0"]
[WhiteElo "2600"]
[BlackElo "2320"]
[PlyCount "109"]
[EventDate "2008.03.03"]
[EventType "swiss"]
[EventRounds "9"]
[EventCountry "RUS"]
[Source "lmi"]
[SourceDate "2008.03.03"]

1. d4 d5 2. c4 c6 3. Nf3 Nf6 4. e3 Bf5 5. Nc3 e6 6. Nh4 Bg6 7. Nxg6 hxg6 8. g3
Nbd7 9. Bd2 Bb4 10. Qb3 Bxc3 11. Bxc3 Qb6 12. Qa3 Qc7 13. cxd5 exd5 14. Bg2 Ne4
15. Bxe4 dxe4 16. d5 cxd5 17. Bxg7 Rh5 18. Bd4 Qc4 19. b3 Qb5 20. Rc1 Ne5 21.
Bxe5 Rxe5 22. Rc5 Qd3 23. Qb2 f6 24. Rc3 Qb5 25. a4 Qa6 26. Qc2 Rd8 27. b4 d4
28. b5 Qa5 29. exd4 Rc8 30. Kd2 Rf5 31. Qxe4+ Kf8 32. Rhc1 Re8 33. Qxb7 Qxa4
34. Kd3 Rxf2 35. Qc6 Rf5 36. g4 Qxb5+ 37. Qxb5 Rxb5 38. Rc6 Rb3+ 39. Kc4 Rf3
40. Ra1 Re7 41. Raa6 Kf7 42. h4 Rf4 43. g5 fxg5 44. hxg5 Rd7 45. Rf6+ Rxf6 46.
Rxf6+ Kg7 47. d5 Rf7 48. Kc5 Rc7+ 49. Rc6 Rf7 50. Ra6 Rf5 51. Rxa7+ Kf8 52. Kc6
Rxg5 53. d6 Rg1 54. Ra8+ Kf7 55. d7 1-0

[Event "10. University wch masculino"]
[Site "Novokuznetsk RUS"]
[Date "2008.03.07"]
[Round "5.2"]
[White "Smirnov, Pavel"]
[Black "Kuderinov, Kirill"]
[Result "1-0"]
[WhiteElo "2599"]
[BlackElo "2416"]
[PlyCount "111"]
[EventDate "2008.03.03"]
[EventType "swiss"]
[EventRounds "9"]
[EventCountry "RUS"]
[Source "lmi"]
[SourceDate "2008.03.03"]

1. e4 c5 2. Nf3 Nc6 3. d4 cxd4 4. Nxd4 e5 5. Nb5 d6 6. N1c3 a6 7. Na3 Be6 8.
Nc4 Nf6 9. Bg5 Rc8 10. Nd5 Bxd5 11. Bxf6 Qxf6 12. Qxd5 Be7 13. c3 Nd8 14. Rd1
O-O 15. Nxd6 Bxd6 16. Qxd6 Ne6 17. Be2 Qg6 18. O-O Nd4 19. Rxd4 exd4 20. Qxd4
Rfd8 21. Qe3 Qd6 22. Bg4 Rb8 23. g3 Qd2 24. Qb6 Qg5 25. Bd1 Rdc8 26. Bb3 Qc5
27. Qxc5 Rxc5 28. Rd1 Rc7 29. f4 Kf8 30. Kf2 Ke7 31. Ke3 b5 32. a3 Rd8 33. Rxd8
Kxd8 34. Kd4 Ke7 35. Bd5 f6 36. h4 Kd6 37. g4 Re7 38. g5 h6 39. g6 a5 40. b3
Re8 41. h5 Re7 42. c4 bxc4 43. bxc4 Re8 44. c5+ Kd7 45. Bc4 Rb8 46. Kd5 Rd8 47.
Bb5+ Ke7+ 48. Kc6 Rd4 49. Kb6 Rxe4 50. c6 Re6 51. f5 Rd6 52. Kxa5 Kd8 53. Kb6
Kc8 54. a4 Kb8 55. Ba6 Ka8 56. Kc5 1-0

[Event "10. University wch masculino"]
[Site "Novokuznetsk RUS"]
[Date "2008.03.07"]
[Round "5.4"]
[White "Maletin, Pavel"]
[Black "Moosavian, S.Hamed"]
[Result "1-0"]
[WhiteElo "2573"]
[BlackElo "2349"]
[PlyCount "63"]
[EventDate "2008.03.03"]
[EventType "swiss"]
[EventRounds "9"]
[EventCountry "RUS"]
[Source "lmi"]
[SourceDate "2008.03.03"]

1. Nf3 d5 2. d4 c6 3. c4 e6 4. Nbd2 f5 5. g3 Nf6 6. Bg2 Bd6 7. O-O Nbd7 8. Ne1
O-O 9. Nd3 b6 10. b4 Bb7 11. a4 c5 12. bxc5 bxc5 13. Ba3 Qe7 14. Nb3 Ne4 15.
Na5 Ba6 16. cxd5 Nc3 17. Qd2 Bxd3 18. Qxd3 Nxd5 19. Bxd5 exd5 20. dxc5 Bxc5 21.
Qxd5+ Qf7 22. Rfd1 Bxa3 23. Qxf7+ Rxf7 24. Rxa3 Re8 25. e3 Nc5 26. Nc6 Rc7 27.
Nd4 Ne4 28. Rb3 Rec8 29. Kg2 g6 30. a5 Rc5 31. Rb7 Rxa5 32. Nc6 1-0

[Event "10. University wch masculino"]
[Site "Novokuznetsk RUS"]
[Date "2008.03.07"]
[Round "5.5"]
[White "Filippov, Anton"]
[Black "Liang, Chong"]
[Result "1/2-1/2"]
[WhiteElo "2502"]
[BlackElo "2488"]
[PlyCount "148"]
[EventDate "2008.03.03"]
[EventType "swiss"]
[EventRounds "9"]
[EventCountry "RUS"]
[Source "lmi"]
[SourceDate "2008.03.03"]

1. e4 e5 2. Nf3 Nc6 3. Bb5 a6 4. Ba4 Nf6 5. O-O Be7 6. Re1 b5 7. Bb3 d6 8. c3
O-O 9. h3 Nb8 10. d4 Nbd7 11. Nbd2 Bb7 12. Bc2 c5 13. d5 Qc7 14. Nf1 Rfb8 15.
Ne3 Bc8 16. Nf5 Bf8 17. N3h4 Kh8 18. Rf1 Ng8 19. Ng3 g6 20. Nf3 Bg7 21. Be3 Nb6
22. b3 a5 23. Nd2 c4 24. bxc4 Nxc4 25. Nxc4 bxc4 26. Qd2 Ne7 27. f4 Ng8 28. f5
Rb2 29. Rf2 Rab8 30. Raf1 Rxa2 31. fxg6 fxg6 32. Qc1 Qd8 33. Rf7 Bd7 34. Ne2
Qe8 35. Bg5 a4 36. h4 a3 37. h5 gxh5 38. Bh4 h6 39. Bd1 Rb7 40. Qe3 Bc8 41.
Rxb7 Bxb7 42. Qa7 Qg6 43. Ng3 Ra1 44. Bxh5 Rxf1+ 45. Kxf1 Qh7 46. Qxb7 Bf6 47.
Bxf6+ Nxf6 48. Bf7 Nxe4 49. Nxe4 Qxe4 50. Qe7 Qf4+ 51. Kg1 Qe3+ 52. Kh1 Qg5 53.
Qf8+ Kh7 54. Bg8+ Qxg8 55. Qf5+ Qg6 56. Qd7+ Kg8 57. Qd8+ Kg7 58. Qe7+ Qf7 59.
Qxd6 Qf1+ 60. Kh2 Qf4+ 61. g3 Qf2+ 62. Kh3 Qf1+ 63. Kh2 Qf2+ 64. Kh3 Qf5+ 65.
Kg2 Qe4+ 66. Kh3 Qf5+ 67. Kg2 a2 68. Qe7+ Kg6 69. Qe8+ Kg5 70. Qd8+ Kh5 71.
Qe8+ Kg5 72. Qd8+ Kg6 73. Qg8+ Kf6 74. Qf8+ Kg5 1/2-1/2

[Event "10. University wch masculino"]
[Site "Novokuznetsk RUS"]
[Date "2008.03.07"]
[Round "5.7"]
[White "Alavi, Sayed Javad"]
[Black "Vuilleumier, Alexandre"]
[Result "1-0"]
[WhiteElo "2461"]
[BlackElo "2285"]
[PlyCount "69"]
[EventDate "2008.03.03"]
[EventType "swiss"]
[EventRounds "9"]
[EventCountry "RUS"]
[Source "lmi"]
[SourceDate "2008.03.03"]

1. e4 c5 2. Nf3 d6 3. d4 cxd4 4. Nxd4 Nf6 5. Nc3 a6 6. Be2 e5 7. Nb3 Be7 8. O-O
O-O 9. Be3 Be6 10. Qd2 Nc6 11. Rfd1 a5 12. a3 a4 13. Nc1 Ra5 14. Bf3 Ng4 15.
Bxg4 Bxg4 16. f3 Be6 17. N1a2 Ra8 18. Nd5 Bxd5 19. Qxd5 Ra5 20. Qc4 Qc8 21. Nc3
Qe6 22. Rd5 Rc8 23. Qd3 Ra6 24. Rd1 Na5 25. Rb5 Qc4 26. Kf1 Kf8 27. Bb6 Qxd3+
28. cxd3 Nc6 29. Be3 Nd8 30. d4 exd4 31. Bxd4 g6 32. Nd5 Rc2 33. Nb4 Rac6 34.
Nxc2 Rxc2 35. Be3 1-0

[Event "10. University wch masculino"]
[Site "Novokuznetsk RUS"]
[Date "2008.03.07"]
[Round "5.9"]
[White "Akhanov, Dauren"]
[Black "Batchuluun, Cegmed"]
[Result "0-1"]
[WhiteElo "2135"]
[BlackElo "2432"]
[PlyCount "104"]
[EventDate "2008.03.03"]
[EventType "swiss"]
[EventRounds "9"]
[EventCountry "RUS"]
[Source "lmi"]
[SourceDate "2008.03.03"]

1. e4 e6 2. d4 d5 3. Nd2 c5 4. exd5 Qxd5 5. Ngf3 cxd4 6. Bc4 Qd6 7. O-O Nf6 8.
Nb3 Nc6 9. Nbxd4 Nxd4 10. Nxd4 a6 11. Re1 Be7 12. c3 O-O 13. Qf3 Qc7 14. Bb3
Bd6 15. h3 b6 16. Bg5 Bb7 17. Qd3 Nd5 18. Bc2 g6 19. Ne2 Be5 20. Rad1 Rac8 21.
Bb1 Rfe8 22. Qd2 b5 23. Be4 Bg7 24. Nf4 Nb6 25. Bxb7 Qxb7 26. Nd3 Nc4 27. Qe2
h6 28. Bh4 e5 29. Nb4 f5 30. f3 g5 31. Bf2 e4 32. Bd4 exf3 33. Qxe8+ Rxe8 34.
Rxe8+ Kf7 35. Rd8 Qe7 36. Bf2 Kg6 37. b3 Ne5 38. R8d6+ Kh7 39. Nc6 Nxc6 40.
Rxc6 fxg2 41. Rxa6 Qe8 42. Rad6 Qe2 43. a4 bxa4 44. bxa4 Bxc3 45. Rb1 Qe4 46.
Rc1 Qxa4 47. Rd3 Be5 48. Re1 Qb5 49. Rde3 Bd6 50. Rc3 Qd5 51. Rcc1 Qf3 52. Re3
Bh2+ 0-1

[Event "10. University wch masculino"]
[Site "Novokuznetsk RUS"]
[Date "2008.03.07"]
[Round "5.10"]
[White "Pokazanjev, Nikolai"]
[Black "Van Assendelft, Floris"]
[Result "1-0"]
[WhiteElo "2405"]
[BlackElo "2282"]
[PlyCount "119"]
[EventDate "2008.03.03"]
[EventType "swiss"]
[EventRounds "9"]
[EventCountry "RUS"]
[Source "lmi"]
[SourceDate "2008.03.03"]

1. e4 c5 2. Nf3 d6 3. d4 cxd4 4. Nxd4 Nf6 5. Nc3 a6 6. Be2 e6 7. a4 Nc6 8. Be3
Qc7 9. O-O Be7 10. f4 O-O 11. Kh1 Bd7 12. Qe1 Nxd4 13. Bxd4 Bc6 14. Qg3 b6 15.
Rae1 Qb7 16. Bd3 Rfd8 17. Bxf6 Bxf6 18. e5 Be7 19. Ne4 Bxe4 20. Bxe4 d5 21. Bd3
g6 22. f5 exf5 23. Rxf5 Bf8 24. h4 Bg7 25. h5 Rf8 26. hxg6 hxg6 27. Rg5 Rae8
28. e6 Rxe6 29. Rxe6 fxe6 30. Rxg6 Qe7 31. Bxa6 Rf5 32. Bd3 Rh5+ 33. Kg1 Qc5+
34. Kf1 Qf8+ 35. Ke2 Rh1 36. Qf2 Qb4 37. b3 Kh8 38. Rg3 Bd4 39. Rg4 Bxf2 40.
Rxb4 Bc5 41. Rg4 Rb1 42. Bb5 Kh7 43. Bd7 e5 44. Rg5 Bd4 45. Bf5+ Kh6 46. Rg8
Rg1 47. Be6 e4 48. Bxd5 e3 49. Rg4 Bc3 50. Kxe3 Re1+ 51. Kd3 Bf6 52. Kc4 Rd1
53. Bf7 Rd6 54. Kb5 Bd4 55. c4 Bf2 56. b4 Rd2 57. Rg6+ Kh7 58. Rxb6 Bxb6 59.
Kxb6 Rxg2 60. a5 1-0

[Event "10. University wch masculino"]
[Site "Novokuznetsk RUS"]
[Date "2008.03.07"]
[Round "5.12"]
[White "Noroozi, Omid"]
[Black "Hindermann, Felix"]
[Result "1-0"]
[WhiteElo "2222"]
[BlackElo "2307"]
[PlyCount "44"]
[EventDate "2008.03.03"]
[EventType "swiss"]
[EventRounds "9"]
[EventCountry "RUS"]
[Source "lmi"]
[SourceDate "2008.03.03"]

1. c4 b6 2. d4 Bb7 3. Nc3 e6 4. e4 Bb4 5. d5 Qh4 6. Bd3 Na6 7. Nf3 Bxc3+ 8.
bxc3 Qe7 9. O-O e5 10. a4 d6 11. a5 Nf6 12. Nh4 g6 13. f4 Nd7 14. Nf3 Nac5 15.
Bc2 f6 16. fxe5 Nxe5 17. Nxe5 fxe5 18. Ba4+ Kd8 19. Bh6 Nxa4 20. Rxa4 Ba6 21.
axb6 axb6 22. Qa1 Bc8 1-0

[Event "10. University wch masculino"]
[Site "Novokuznetsk RUS"]
[Date "2008.03.07"]
[Round "5.14"]
[White "Soozankar, A.M."]
[Black "Widmer, Simon"]
[Result "1-0"]
[WhiteElo "2253"]
[BlackElo "2176"]
[PlyCount "155"]
[EventDate "2008.03.03"]
[EventType "swiss"]
[EventRounds "9"]
[EventCountry "RUS"]
[Source "lmi"]
[SourceDate "2008.03.03"]

1. e4 c5 2. Nf3 Nc6 3. d4 cxd4 4. Nxd4 Nf6 5. Nc3 e5 6. Ndb5 d6 7. Nd5 Nxd5 8.
exd5 Nb8 9. c4 Be7 10. Bd3 O-O 11. O-O Nd7 12. Be3 a6 13. Nc3 f5 14. f3 Bg5 15.
Bf2 Bh4 16. g3 Bg5 17. b4 a5 18. a3 axb4 19. axb4 Rxa1 20. Qxa1 e4 21. fxe4 Ne5
22. Be2 f4 23. gxf4 Bxf4 24. Bg3 Qg5 25. Rxf4 Rxf4 26. Qc1 Ng6 27. Bf3 Bh3 28.
Qe3 h6 29. Ne2 Rf8 30. Qxg5 hxg5 31. Bg2 Bg4 32. Nd4 Nf4 33. h3 Bd7 34. Bxf4
gxf4 35. c5 dxc5 36. bxc5 Rc8 37. e5 Rxc5 38. e6 Kf8 39. exd7 Rc1+ 40. Kf2 Ke7
41. Kf3 g5 42. Ne6 Kxd7 43. Nxg5 b5 44. Kxf4 b4 45. Be4 b3 46. Nf3 b2 47. Nd2
Rd1 48. Nb1 Kd6 49. h4 Rf1+ 50. Kg5 Ke5 51. Bg6 Kxd5 52. Kh6 Ke6 53. Kg7 Rc1
54. h5 Rc7+ 55. Kh6 Kf6 56. Nd2 Rc8 57. Ne4+ Ke5 58. Ng5 Rh8+ 59. Nh7 Rg8 60.
Bc2 Rg1 61. Ng5 Rc1 62. Bg6 Rc6 63. Nf3+ Kf4 64. Nd2 Rd6 65. Nb1 Ke5 66. Na3
Kf6 67. Nc4 Rd8 68. Nxb2 Rh8+ 69. Bh7 Rc8 70. Nd3 Rc3 71. Bg6 Ra3 72. Nf2 Ra4
73. Ne4+ Ke7 74. Kg7 Ra7 75. Ng5 Ra5 76. h6 Ra8 77. h7 Rb8 78. Bf7 1-0

[Event "10. University wch masculino"]
[Site "Novokuznetsk RUS"]
[Date "2008.03.07"]
[Round "5.15"]
[White "Viela, Marco"]
[Black "Kojima, Shinya"]
[Result "1-0"]
[WhiteElo "2161"]
[BlackElo "2205"]
[PlyCount "95"]
[EventDate "2008.03.03"]
[EventType "swiss"]
[EventRounds "9"]
[EventCountry "RUS"]
[Source "lmi"]
[SourceDate "2008.03.03"]

1. e4 c5 2. Nf3 Nc6 3. d4 cxd4 4. Nxd4 Nf6 5. Nc3 e5 6. Ndb5 d6 7. Bg5 a6 8.
Na3 b5 9. Nd5 Be7 10. Bxf6 Bxf6 11. c3 Bg5 12. Nc2 Ne7 13. Ncb4 O-O 14. a4 bxa4
15. Qxa4 Nxd5 16. Nxd5 Bd7 17. Qa3 Bc6 18. Bc4 a5 19. b3 Kh8 20. O-O f5 21. f3
Ra7 22. exf5 Bxd5 23. Bxd5 Be3+ 24. Kh1 Rxf5 25. Qa4 Rf4 26. Qb5 Rf8 27. Ra4
Qb6 28. Qd3 Rf4 29. Rfa1 Rxa4 30. Rxa4 g6 31. Rc4 Bc5 32. f4 exf4 33. Rxf4 Kg7
34. Qf3 Qd8 35. Rf7+ Rxf7 36. Qxf7+ Kh8 37. h3 Be3 38. b4 a4 39. b5 a3 40. Kh2
Bd2 41. b6 Bxc3 42. b7 Be5+ 43. g3 Qb8 44. Qd7 Qa7 45. Qe8+ Kg7 46. Qg8+ Kh6
47. Qf8+ Bg7 48. Qf4+ 1-0

[Event "10. University wch masculino"]
[Site "Novokuznetsk RUS"]
[Date "2008.03.07"]
[Round "5.16"]
[White "Otte, Marijn"]
[Black "Castro, Francisco"]
[Result "1-0"]
[WhiteElo "2192"]
[BlackElo "2152"]
[PlyCount "43"]
[EventDate "2008.03.03"]
[EventType "swiss"]
[EventRounds "9"]
[EventCountry "RUS"]
[Source "lmi"]
[SourceDate "2008.03.03"]

1. e4 e6 2. d4 d5 3. Nd2 Nf6 4. e5 Nfd7 5. Bd3 c5 6. c3 Nc6 7. Ngf3 Be7 8. O-O
a5 9. Re1 cxd4 10. cxd4 Qb6 11. Nb1 Nxd4 12. Nxd4 Qxd4 13. Nc3 Qb6 14. Be3 Qd8
15. Bf4 Bg5 16. Nxd5 exd5 17. e6 Be7 18. Qh5 Rf8 19. exd7+ Qxd7 20. Bg5 g6 21.
Qxh7 f6 22. Bb5 1-0

[Event "10. University wch masculino"]
[Site "Novokuznetsk RUS"]
[Date "2008.03.08"]
[Round "6.3"]
[White "Lysyj, Igor"]
[Black "Gundavaa, Bayarsaihan"]
[Result "1-0"]
[WhiteElo "2593"]
[BlackElo "2320"]
[PlyCount "83"]
[EventDate "2008.03.03"]
[EventType "swiss"]
[EventRounds "9"]
[EventCountry "RUS"]
[Source "lmi"]
[SourceDate "2008.03.03"]

1. d4 d5 2. c4 c6 3. Nf3 Nf6 4. e3 Bf5 5. Nc3 e6 6. Nh4 Bg6 7. Be2 Nbd7 8. O-O
Bd6 9. g3 O-O 10. Nxg6 hxg6 11. Qb3 Qb6 12. Rd1 Qxb3 13. axb3 Ne4 14. f3 Nxc3
15. bxc3 a6 16. cxd5 exd5 17. e4 Rfe8 18. e5 Bc7 19. f4 f5 20. g4 Kf7 21. Bd3
Ke6 22. Ra2 Rg8 23. Rg2 Nf8 24. gxf5+ gxf5 25. Rg5 g6 26. Bxf5+ Kf7 27. Bc2 Ne6
28. Rg4 b5 29. Rd3 Rg7 30. Rdg3 Rag8 31. f5 gxf5 32. Bxf5 Rxg4 33. Bxg4 Ng7 34.
Bd7 Rd8 35. Bxc6 Nf5 36. Bg5 Nxg3 37. Bxd8 Bxd8 38. Bxd5+ Ke7 39. hxg3 Bb6 40.
b4 a5 41. bxa5 Bxa5 42. Kf2 1-0

[Event "10. University wch masculino"]
[Site "Novokuznetsk RUS"]
[Date "2008.03.08"]
[Round "6.4"]
[White "Zhou, Jianchao"]
[Black "Bilegt, Batkhorol"]
[Result "1-0"]
[WhiteElo "2551"]
[BlackElo "2211"]
[PlyCount "183"]
[EventDate "2008.03.03"]
[EventType "swiss"]
[EventRounds "9"]
[EventCountry "RUS"]
[Source "lmi"]
[SourceDate "2008.03.03"]

1. d4 Nf6 2. c4 e6 3. Nc3 Bb4 4. Qc2 c5 5. dxc5 Na6 6. a3 Qa5 7. Bd2 Nxc5 8.
Rc1 Bxc3 9. Bxc3 Qa4 10. f3 Qxc2 11. Rxc2 d6 12. e4 e5 13. Ne2 Nd3+ 14. Kd2 Nc5
15. Ke3 Be6 16. Ng3 g6 17. Be2 Ke7 18. Rd1 Nb3 19. Nf1 Rhc8 20. Nd2 Nxd2 21.
Bxd2 Nd7 22. a4 a5 23. b3 Nc5 24. Rb2 Rc6 25. Rdb1 f5 26. exf5 Bxf5 27. Ra1 Rb6
28. Bd1 Nd3 29. Rba2 Nb4 30. Bxb4 Rxb4 31. Rd2 Rb6 32. f4 Be6 33. Bc2 Rf8 34.
Rf1 Rc6 35. Be4 Rcc8 36. Rdf2 b6 37. f5 gxf5 38. Bxf5 Bxf5 39. Rxf5 Rxf5 40.
Rxf5 Rg8 41. g3 Rg6 42. Ke4 h6 43. Rf2 Rf6 44. Rb2 Kd7 45. Rg2 Rf1 46. Re2 Ke6
47. Re3 Rf2 48. h3 h5 49. Rd3 Rf1 50. Re3 Rf2 51. Rd3 Rf1 52. Re3 Rf2 53. Rd3
Rf1 54. Rd5 Kd7 55. Rd3 Ke6 56. Rd5 Kd7 57. Ke3 Rf8 58. Rd1 Ke6 59. Ke2 Rf7 60.
Rd5 Kd7 61. Rd3 Ke6 62. Re3 d5 63. cxd5+ Kxd5 64. Rd3+ Ke4 65. Rc3 Kd5 66. Rd3+
Ke4 67. Rc3 Kd5 68. Rd3+ Ke4 69. b4 Rc7 70. Rd6 axb4 71. Rxb6 Rc2+ 72. Kd1 Rb2
73. Kc1 Rb3 74. Kc2 Rxg3 75. Rxb4+ Kf5 76. Rb3 Rg8 77. a5 Ra8 78. Ra3 h4 79. a6
Kf4 80. a7 e4 81. Kd2 e3+ 82. Ke2 Kg3 83. Kxe3 Kxh3 84. Kf4+ Kg2 85. Kg4 Kf2
86. Kxh4 Ke2 87. Kg4 Kd2 88. Kf5 Kc2 89. Ke6 Kb2 90. Ra6 Kb3 91. Kd7 Kb4 92.
Kc6 1-0

[Event "10. University wch masculino"]
[Site "Novokuznetsk RUS"]
[Date "2008.03.08"]
[Round "6.5"]
[White "Moosavian, S.Hamed"]
[Black "Filippov, Anton"]
[Result "0-1"]
[WhiteElo "2349"]
[BlackElo "2502"]
[PlyCount "116"]
[EventDate "2008.03.03"]
[EventType "swiss"]
[EventRounds "9"]
[EventCountry "RUS"]
[Source "lmi"]
[SourceDate "2008.03.03"]

1. e4 e5 2. Bc4 Nf6 3. d3 Nc6 4. Nc3 Bb4 5. Bg5 h6 6. Bxf6 Bxc3+ 7. bxc3 Qxf6
8. Ne2 d6 9. O-O g5 10. Rb1 Ne7 11. Ng3 h5 12. Re1 b6 13. Re3 Bg4 14. Qc1 Be6
15. Bb5+ Kf8 16. Qa3 h4 17. Nf1 Kg7 18. Rd1 h3 19. g3 Bg4 20. Rd2 a6 21. Bc4 b5
22. Bb3 a5 23. f3 Bh5 24. d4 a4 25. dxe5 dxe5 26. Bd5 Rad8 27. Red3 c6 28. Bc4
Rxd3 29. Bxd3 Bxf3 30. Rf2 g4 31. Be2 Rd8 32. Bxf3 gxf3 33. c4 Rd1 34. Rxf3 Qd6
35. Qxd6 Rxd6 36. cxb5 cxb5 37. Kf2 Rd4 38. Re3 Ng8 39. Re1 Nf6 40. Kf3 Kg6 41.
a3 b4 42. axb4 Rxb4 43. Re3 Rc4 44. Ra3 Nxe4 45. Ne3 Rb4 46. Nd5 Rd4 47. Nb6 f5
48. Rxa4 Rd2 49. Nc4 Rxh2 50. Ra6+ Kh5 51. Nxe5 Rf2+ 52. Ke3 Rxc2 53. Nf7 h2
54. Kf4 Rf2+ 55. Ke3 Kg4 56. Rg6+ Kh3 57. Ng5+ Kg2 58. Nxe4 Rf3+ 0-1

[Event "10. University wch masculino"]
[Site "Novokuznetsk RUS"]
[Date "2008.03.08"]
[Round "6.7"]
[White "Batchuluun, Cegmed"]
[Black "Alavi, Sayed Javad"]
[Result "1/2-1/2"]
[WhiteElo "2432"]
[BlackElo "2461"]
[PlyCount "129"]
[EventDate "2008.03.03"]
[EventType "swiss"]
[EventRounds "9"]
[EventCountry "RUS"]
[Source "lmi"]
[SourceDate "2008.03.03"]

1. d4 d5 2. c4 c6 3. Nf3 Nf6 4. Nc3 a6 5. c5 Nbd7 6. Bf4 Nh5 7. Bd2 Nhf6 8. Qc2
g6 9. g3 Bg7 10. Bg2 O-O 11. O-O Ne8 12. e4 dxe4 13. Nxe4 Nc7 14. Rfe1 Nf6 15.
Bf4 Be6 16. Nxf6+ Bxf6 17. Rad1 Bd5 18. Be5 Bg7 19. h4 Ne6 20. Ng5 Nxg5 21.
hxg5 e6 22. f4 Bxe5 23. Rxe5 Bxg2 24. Kxg2 Qa5 25. Qb3 Qb5 26. Qc3 a5 27. Rd2
Rfd8 28. g4 Rd7 29. f5 gxf5 30. gxf5 exf5 31. Qe3 Rf8 32. Rxf5 Qb4 33. Re5 a4
34. Qc3 Qb5 35. b3 axb3 36. axb3 Qa6 37. Rde2 Qa8 38. R2e4 Qa2+ 39. Kg3 Qb1 40.
Qe3 Qd1 41. Re8 Rd5 42. R8e5 Rfd8 43. Rxd5 Rxd5 44. Re8+ Kg7 45. Re4 Kg6 46.
Rg4 Rf5 47. Kh4 Qf3 48. Qxf3 Rxf3 49. Re4 Rxb3 50. Rf4 Rd3 51. Rf6+ Kg7 52. Rd6
Kf8 53. Kg4 Ke7 54. Kf5 Rd1 55. Kf4 Rf1+ 56. Kg4 f6 57. d5 Rg1+ 58. Kf3 fxg5
59. dxc6 bxc6 60. Rxc6 Kf7 61. Rd6 Rc1 62. Kg4 Rxc5 63. Ra6 Re5 64. Ra7+ Kg6
65. Ra6+ 1/2-1/2

[Event "10. University wch masculino"]
[Site "Novokuznetsk RUS"]
[Date "2008.03.08"]
[Round "6.9"]
[White "Battulga, Namhai"]
[Black "Noroozi, Omid"]
[Result "1-0"]
[WhiteElo "2306"]
[BlackElo "2222"]
[PlyCount "87"]
[EventDate "2008.03.03"]
[EventType "swiss"]
[EventRounds "9"]
[EventCountry "RUS"]
[Source "lmi"]
[SourceDate "2008.03.03"]

1. e4 d6 2. Nf3 Nf6 3. Nc3 c5 4. d4 cxd4 5. Nxd4 a6 6. Be3 e5 7. Nb3 Be7 8. f3
O-O 9. Qd2 Be6 10. O-O-O Qc7 11. g4 Rc8 12. g5 Nh5 13. Nd5 Bxd5 14. exd5 a5 15.
Bh3 Nd7 16. Kb1 a4 17. Nc1 a3 18. b3 g6 19. Ne2 f5 20. gxf6 Bxf6 21. Bg4 Ng7
22. Ng3 Rf8 23. h4 h5 24. Be6+ Kh7 25. Ne4 Rae8 26. Bg5 Nxe6 27. dxe6 Rxe6 28.
Bxf6 Rexf6 29. Nxf6+ Rxf6 30. Qb4 Nc5 31. Rdf1 Qf7 32. Qxa3 Ne4 33. Rh2 Rxf3
34. Rxf3 Qxf3 35. Qb4 Kh6 36. Qe1 d5 37. Rh1 d4 38. Rg1 Qf4 39. Qa5 Qf2 40. Rh1
Nc3+ 41. Kb2 Qf6 42. Qa8 e4 43. Rf1 Qe5 44. Rf7 1-0

[Event "10. University wch masculino"]
[Site "Novokuznetsk RUS"]
[Date "2008.03.08"]
[Round "6.11"]
[White "Vuilleumier, Alexandre"]
[Black "Soozankar, A.M."]
[Result "1-0"]
[WhiteElo "2285"]
[BlackElo "2253"]
[PlyCount "47"]
[EventDate "2008.03.03"]
[EventType "swiss"]
[EventRounds "9"]
[EventCountry "RUS"]
[Source "lmi"]
[SourceDate "2008.03.03"]

1. d4 e6 2. c4 Nf6 3. Nf3 d5 4. Nc3 c6 5. cxd5 exd5 6. Bg5 Be7 7. e3 Nbd7 8.
Bd3 O-O 9. Qc2 Re8 10. O-O Nf8 11. Kh1 Ne4 12. Bf4 f5 13. Rab1 a5 14. Ne5 Ne6
15. f3 Nxf4 16. exf4 Nd6 17. g4 Bf6 18. Rg1 Qb6 19. Ne2 Nb5 20. Bxb5 Qxb5 21.
gxf5 Rf8 22. Ng3 Qb4 23. Rbd1 c5 24. a3 1-0

[Event "10. University wch masculino"]
[Site "Novokuznetsk RUS"]
[Date "2008.03.08"]
[Round "6.12"]
[White "Viela, Marco"]
[Black "Van Eijk, Sander"]
[Result "1/2-1/2"]
[WhiteElo "2161"]
[BlackElo "2283"]
[PlyCount "54"]
[EventDate "2008.03.03"]
[EventType "swiss"]
[EventRounds "9"]
[EventCountry "RUS"]
[Source "lmi"]
[SourceDate "2008.03.03"]

1. e4 c5 2. c3 d5 3. exd5 Qxd5 4. d4 Nc6 5. Nf3 Bg4 6. Be2 cxd4 7. cxd4 e6 8.
Nc3 Qa5 9. O-O Nf6 10. Be3 Bd6 11. Qb3 Qb4 12. Rfd1 Rd8 13. Ne5 Bxe2 14. Nxe2
Ne7 15. Qxb4 Bxb4 16. Nf4 O-O 17. Rac1 Nfd5 18. Kf1 Ba5 19. Nxd5 Rxd5 20. b4
Bb6 21. a4 f6 22. Nd3 Bxd4 23. Rc7 Bxe3 24. Rxe7 Bh6 25. Rxb7 Rfd8 26. Ke2 e5
27. f3 Rd4 1/2-1/2

[Event "10. University wch masculino"]
[Site "Novokuznetsk RUS"]
[Date "2008.03.08"]
[Round "6.13"]
[White "Van Assendelft, Floris"]
[Black "Otte, Marijn"]
[Result "1/2-1/2"]
[WhiteElo "2282"]
[BlackElo "2192"]
[PlyCount "114"]
[EventDate "2008.03.03"]
[EventType "swiss"]
[EventRounds "9"]
[EventCountry "RUS"]
[Source "lmi"]
[SourceDate "2008.03.03"]

1. c4 Nf6 2. Nc3 d6 3. g3 c5 4. Bg2 g6 5. Nf3 Nc6 6. O-O Bg7 7. a3 O-O 8. Rb1
Bf5 9. d3 Qc8 10. Re1 Bh3 11. Bh1 Nd4 12. Ng5 Bd7 13. e3 Ne6 14. Nf3 b6 15. b4
Bc6 16. Bb2 Bb7 17. Qe2 Rb8 18. e4 Re8 19. Nd5 Nxd5 20. cxd5 Nd4 21. Nxd4 cxd4
22. f4 e6 23. Rbc1 Qd7 24. dxe6 Qxe6 25. Qf2 Qb3 26. Bxd4 Qxd3 27. Bxg7 Kxg7
28. Qb2+ Kg8 29. Rcd1 Qc4 30. Rxd6 Bxe4 31. Rd4 Qc2 32. Qxc2 Bxc2 33. Kf2 Rxe1
34. Kxe1 Bf5 35. Kd2 Rc8 36. Be4 Be6 37. Rd3 Kf8 38. Rc3 Rxc3 39. Kxc3 Ke7 40.
Kd4 Kd6 41. Bd3 f5 42. Ba6 Bd5 43. a4 Bc6 44. a5 Bd5 45. Bc8 Bf3 46. axb6 axb6
47. Ba6 Bd5 48. Be2 Be6 49. h3 Bd5 50. g4 Bg2 51. Bd3 Bxh3 52. g5 Bg2 53. Bc4
Bc6 54. Bg8 Be8 55. Bd5 Bb5 56. Bg8 Be8 57. Bd5 Bb5 1/2-1/2

[Event "10. University wch masculino"]
[Site "Novokuznetsk RUS"]
[Date "2008.03.08"]
[Round "6.15"]
[White "Wyss, Jonas"]
[Black "Hindermann, Felix"]
[Result "1/2-1/2"]
[WhiteElo "2181"]
[BlackElo "2307"]
[PlyCount "56"]
[EventDate "2008.03.03"]
[EventType "swiss"]
[EventRounds "9"]
[EventCountry "RUS"]
[Source "lmi"]
[SourceDate "2008.03.03"]

1. e4 e6 2. d4 d5 3. Nc3 Nc6 4. Nf3 Nf6 5. e5 Ne4 6. Ne2 f6 7. exf6 Qxf6 8. Ng3
Bd7 9. Bd3 Nxg3 10. hxg3 h6 11. Bg5 Qf7 12. c3 Be7 13. Bxe7 Qxe7 14. Bg6+ Kd8
15. Qe2 Qf6 16. Bc2 a6 17. O-O-O Kc8 18. c4 Rf8 19. Rd2 Kb8 20. Ne5 Be8 21. Re1
Ka7 22. Qe3 Rd8 23. Qa3 dxc4 24. Re3 Rh8 25. Be4 Rd6 26. Qc5+ Kb8 27. Rf3 Qg5
28. Nxc6+ Bxc6 1/2-1/2